| 000 | 00472nam a2200157 a 4500 | ||
|---|---|---|---|
| 001 | 000049063 | ||
| 005 | 20240229074004.0 | ||
| 008 | 190716s1987 dr a 000 spa d | ||
| 040 |
_aDO-SdBNP _bspa _cBNPHU |
||
| 082 |
_axxx _bS127c |
||
| 100 | 1 |
_a Sáez , José Luis _d1937- _9620 |
|
| 245 | 0 |
_aCinco siglos de iglesia dominicana. / _cJosé Luis Sáez. |
|
| 260 |
_aSanto Domingo : _bEdiciones MSC, _c1987. |
||
| 300 |
_a153 p. ; _c22 cm. |
||
| 590 | _aInventariado, 2019 / DG | ||
| 999 |
_c48551 _d48551 |
||